Studies on the nitrogen metabolism of rice

Elmentve itt :
Bibliográfiai részletek
Szerző: Zsoldos Ferenc
Dokumentumtípus: Cikk
Megjelent: 1959
Sorozat:Acta biologica 5 No. 1-2
Kulcsszavak:Természettudomány
Online Access:http://acta.bibl.u-szeged.hu/21479
LEADER 00608nab a2200181 i 4500
001 acta21479
005 20210527143721.0
008 161015s1959 hu o 0|| eng d
022 |a 0563-0592 
040 |a SZTE Egyetemi Kiadványok Repozitórium  |b hun 
041 |a eng 
100 1 |a Zsoldos Ferenc 
245 1 0 |a Studies on the nitrogen metabolism of rice  |h [elektronikus dokumentum] /  |c  Zsoldos Ferenc 
260 |c 1959 
300 |a 77-84 
490 0 |a Acta biologica  |v 5 No. 1-2 
695 |a Természettudomány 
856 4 0 |u http://acta.bibl.u-szeged.hu/21479/1/biologica_005_fasc_001_002_077-084.pdf  |z Dokumentum-elérés